| 000 | 00378nam a2200133Ia 4500 | ||
|---|---|---|---|
| 008 | 250610s9999 xx 000 0 und d | ||
| 082 | _a370.1 ABD | ||
| 100 | _aAbdus Salam | ||
| 245 | 0 | _aNotes on Science, Technology & Science Education in the Development of the South | |
| 260 |
_bThe World Academy of Science, _c1989 |
||
| 300 | _a169p. | ||
| 600 | _aEducation | ||
| 942 | _cGB | ||
| 999 |
_c31422 _d31422 |
||